[Event "Frankfurt Ch A 2017"]
[Site "Ffm-Höchst, BiKuZ"]
[Date "2017.05.29"]
[Round "6.48"]
[White "Rauscher, Joachim"]
[Black "Wich, Manuela"]
[Result "1-0"]
[WhiteElo "1666"]
[BlackElo "1494"]
[PlyCount "109"]
[EventDate "2017.??.??"]
[WhiteTeam "SC Brett vorm Kopp"]
[BlackTeam "Niederräder TG"]

1. e4 Nf6 2. e5 Nd5 3. d4 d6 4. c4 Nb6 5. exd6 cxd6 6. Nc3 g6 7. Be3 Bg7 8. Rc1
Nc6 9. b3 d5 10. c5 Nd7 11. Nxd5 Nf6 12. Nxf6+ Bxf6 13. Ne2 Bg4 14. f3 Be6 15.
Nf4 Bd5 16. Nxd5 Qxd5 17. Bc4 Qd8 18. d5 Ne5 19. Bb5+ Nd7 20. O-O O-O 21. c6
bxc6 22. Bxc6 Rc8 23. Bxa7 Qa5 24. Be3 Ne5 25. Rf2 Qa6 26. Rd2 Nxc6 27. dxc6
Rxc6 28. Rxc6 Qxc6 29. Bh6 Re8 30. Be3 e6 31. Qc2 Rc8 32. Qxc6 Rxc6 33. Kf2 Kg7
34. Ke2 Rc1 35. Rd1 Rc2+ 36. Rd2 Rc1 37. g3 g5 38. f4 g4 39. Kd3 Kg6 40. Bd4
Be7 41. a4 Bb4 42. Rc2 Rf1 43. Kc4 Bd6 44. b4 h5 45. Be5 Be7 46. a5 f6 47. Bd4
e5 48. fxe5 fxe5 49. Bxe5 Kf5 50. Bd4 h4 51. Rf2+ Rxf2 52. Bxf2 hxg3 53. hxg3
Ke5 54. a6 Bxb4 55. Kxb4 1-0

[Event "Frankfurt Ch A 2017"]
[Site "Ffm-Höchst, BiKuZ"]
[Date "2017.05.29"]
[Round "6.49"]
[White "Fritsch, Reinhold"]
[Black "Stricker, Konstantin"]
[Result "0-1"]
[WhiteElo "1476"]
[BlackElo "1660"]
[PlyCount "35"]
[EventDate "2017.??.??"]
[WhiteTeam "SC Somborn"]
[BlackTeam "SC Eschbach"]

1. e4 d5 2. exd5 Qxd5 3. Nc3 Qa5 4. Nf3 Nf6 5. Bb5+ Bd7 6. Bxd7+ Nbxd7 7. d3 e6
8. a3 c6 9. Bd2 Qc7 10. Qe2 Be7 11. h3 Nd5 12. Nxd5 cxd5 13. Bc3 Nf6 14. Be5
Qa5+ 15. Bc3 Qb5 16. Qe5 Rc8 17. Rc1 Bxa3 18. Rb1 0-1

[Event "Frankfurt Ch A 2017"]
[Site "Ffm-Höchst, BiKuZ"]
[Date "2017.05.29"]
[Round "6.50"]
[White "Thede, Stefan"]
[Black "Gude, Michael"]
[Result "1/2-1/2"]
[WhiteElo "1649"]
[BlackElo "1520"]
[PlyCount "71"]
[EventDate "2017.??.??"]
[WhiteTeam "SV Frankfurt Nord"]
[BlackTeam "SF Fürth"]

1. b3 e5 2. Bb2 Nc6 3. d3 d5 4. Nf3 Bd6 5. g3 Nf6 6. Bg2 h6 7. O-O Be6 8. Nbd2
Qd7 9. Re1 O-O 10. c4 d4 11. Rc1 b6 12. a3 a5 13. Nf1 Rab8 14. Qc2 Qe7 15. N3d2
Bd7 16. Ra1 Bc5 17. e3 dxe3 18. Nxe3 Nd4 19. Qd1 Rfe8 20. Ne4 Nxe4 21. Nd5 Qd6
22. dxe4 c6 23. Ne3 Be6 24. Nf5 Nxf5 25. exf5 Qxd1 26. Raxd1 Bxf5 27. Bxc6 Red8
28. Bxe5 Bc2 29. Rc1 Rbc8 30. Bb7 Bxb3 31. Bxc8 Rxc8 32. Bb2 Rd8 33. Re2 f6 34.
Kg2 Kf7 35. h4 Ba4 36. f3 1/2-1/2

[Event "Frankfurt Ch A 2017"]
[Site "Ffm-Höchst, BiKuZ"]
[Date "2017.05.29"]
[Round "6.51"]
[White "Mügendt, Brian Christopher"]
[Black "Panosch, Walter"]
[Result "1-0"]
[WhiteElo "1621"]
[BlackElo "1456"]
[PlyCount "69"]
[EventDate "2017.??.??"]
[WhiteTeam "SC Heusenstamm"]
[BlackTeam "SC Matt im Park"]

1. e4 c5 2. c3 e5 3. d4 cxd4 4. cxd4 Nf6 5. dxe5 Qa5+ 6. Bd2 Qxe5 7. Nf3 Qc7 8.
Bd3 Nc6 9. Nc3 Bb4 10. O-O a6 11. Re1 Bxc3 12. Bxc3 O-O 13. Bxf6 gxf6 14. e5
Qd8 15. Qd2 Kg7 16. Qf4 Rh8 17. Qg3+ Kf8 18. exf6 Qxf6 19. Ng5 h6 20. Nh7+ Rxh7
21. Bxh7 Qg5 22. Qc3 f6 23. f4 Qg7 24. Qc5+ Ne7 25. Qc7 Nc6 26. Qd6+ Ne7 27.
Bf5 b5 28. Bxd7 Bxd7 29. Qxd7 Re8 30. Rac1 f5 31. Re5 Qf6 32. Rce1 h5 33. Re6
Qg7 34. Rxe7 Rxe7 35. Qd8+ 1-0

[Event "Frankfurt Ch A 2017"]
[Site "Ffm-Höchst, BiKuZ"]
[Date "2017.05.29"]
[Round "6.52"]
[White "Klikic, Drazen"]
[Black "Winter, Olaf"]
[Result "0-1"]
[WhiteElo "1421"]
[BlackElo "1597"]
[PlyCount "62"]
[EventDate "2017.??.??"]
[WhiteTeam "SC Nied"]
[BlackTeam "SK Bad Homburg"]

1. e4 c5 2. Nf3 Nc6 3. d4 cxd4 4. Nxd4 a6 5. c4 g6 6. Be3 Bg7 7. Nc3 e6 8. Be2
Nge7 9. Qd2 Qc7 10. O-O O-O 11. Rad1 Rd8 12. Nxc6 bxc6 13. Na4 Rb8 14. c5 Kh8
15. Nb6 Ng8 16. g3 Nf6 17. f3 Ne8 18. Bh6 d6 19. Bxg7+ Kxg7 20. b4 Bb7 21. f4
f6 22. f5 dxc5 23. Nd7 exf5 24. Bc4 Bc8 25. Be6 Rxb4 26. e5 Rd4 27. exf6+ Nxf6
28. Qg5 Bxd7 29. Rxd4 cxd4 30. Rxf5 Rf8 31. Bxd7 Qxd7 0-1

[Event "Frankfurt Ch A 2017"]
[Site "Ffm-Höchst, BiKuZ"]
[Date "2017.05.29"]
[Round "6.53"]
[White "Ketting, Douwe"]
[Black "Leichum, Engelbert"]
[Result "1/2-1/2"]
[WhiteElo "1452"]
[BlackElo "1688"]
[PlyCount "74"]
[EventDate "2017.??.??"]
[WhiteTeam "SC Somborn"]
[BlackTeam "vereinslos"]

1. b4 e5 2. Bb2 Bxb4 3. Bxe5 Nf6 4. Nf3 O-O 5. e3 Re8 6. c4 d5 7. Qb3 Nc6 8.
Bb2 d4 9. Be2 Bc5 10. O-O Qd6 11. Qd3 Bg4 12. h3 Bh5 13. exd4 Bg6 14. Qb3 Nxd4
15. Nxd4 Bxd4 16. Bf3 Bb6 17. Ba3 c5 18. Rd1 Bc7 19. g3 Be4 20. d4 Qc6 21. d5
Qd6 22. Nd2 Bxf3 23. Qxf3 Qd7 24. Kg2 Be5 25. Rab1 b6 26. Bb2 Bxb2 27. Rxb2 Qd6
28. Nf1 Ne4 29. Re2 Ng5 30. Qh5 Rxe2 31. Qxe2 Qd7 32. Qh5 h6 33. Re1 Rf8 34.
Qh4 Qf5 35. Qg4 Qd3 36. h4 f5 37. Qe2 Qxe2 1/2-1/2

[Event "Frankfurt Ch A 2017"]
[Site "Ffm-Höchst, BiKuZ"]
[Date "2017.05.29"]
[Round "6.54"]
[White "Liebske, Reiner"]
[Black "Lopez, Victor"]
[Result "0-1"]
[WhiteElo "1824"]
[BlackElo "1526"]
[PlyCount "170"]
[EventDate "2017.??.??"]
[WhiteTeam "SV Frankfurt Nord"]
[BlackTeam "SC Höchst"]

1. e4 c6 2. d4 d5 3. Nc3 dxe4 4. Nxe4 Bf5 5. Ng3 Bg6 6. Nf3 Nd7 7. Bd3 Bxd3 8.
Qxd3 e6 9. O-O Ngf6 10. Re1 Be7 11. c4 O-O 12. a3 c5 13. Bf4 Nb6 14. Rad1 Rc8
15. dxc5 Qxd3 16. Rxd3 Nxc4 17. b4 Rfd8 18. Rc3 b5 19. cxb6 Nxb6 20. Rxc8 Rxc8
21. Nf5 Bf8 22. N5d4 Nfd5 23. Bc1 Nc4 24. g3 h6 25. Nd2 Ndb6 26. Ne4 Rd8 27.
Nb5 a5 28. bxa5 Nxa5 29. Bf4 Nac4 30. Bc7 Ra8 31. Bxb6 Nxb6 32. Ra1 Nc4 33. a4
Ra5 34. Nd4 Nb2 35. Nc3 Bb4 36. Ndb5 Be7 37. Ra2 Nd3 38. Nd4 Bf6 39. Ncb5 Nc5
40. Rc2 Bxd4 41. Nxd4 Rxa4 42. Nf3 Nd3 43. Rd2 Ra1+ 44. Kg2 Ne1+ 45. Nxe1 Rxe1
46. h4 h5 47. f3 Kf8 48. Kf2 Rb1 49. g4 Rb4 50. Kg3 Rb5 51. Ra2 hxg4 52. fxg4
Rb3+ 53. Kf4 Rb4+ 54. Kf3 f5 55. gxf5 exf5 56. Kg3 g6 57. Ra7 Re4 58. Rb7 Re7
59. Rb6 Kf7 60. Ra6 Re6 61. Ra8 Re4 62. Ra6 Re6 63. Ra7+ Kf6 64. Ra8 Re3+ 65.
Kf4 Re4+ 66. Kg3 Rg4+ 67. Kh3 Re4 68. Kg3 Rd4 69. Ra6+ Kg7 70. Ra7+ Kh6 71. Ra8
Rd7 72. Rh8+ Kg7 73. Ra8 Kh7 74. Rb8 Rd3+ 75. Kf4 Rd4+ 76. Kg3 Rd1 77. Rb7+ Kh6
78. Rb8 Rg1+ 79. Kf3 Rg4 80. Rh8+ Kg7 81. Rc8 Rxh4 82. Rb8 Kh6 83. Ra8 Kg5 84.
Ra5 Rh3+ 85. Kg2 Rb3 0-1

[Event "Frankfurt Ch A 2017"]
[Site "Ffm-Höchst, BiKuZ"]
[Date "2017.05.29"]
[Round "6.55"]
[White "Koch, Thomas"]
[Black "Friedel, Thomas"]
[Result "0-1"]
[WhiteElo "1662"]
[BlackElo "1481"]
[PlyCount "66"]
[EventDate "2017.??.??"]
[WhiteTeam "SV Ffm-Griesheim"]
[BlackTeam "SV Groß-Gerau"]

1. e4 e5 2. Nf3 Nc6 3. Bc4 Bc5 4. c3 Nf6 5. d4 exd4 6. e5 d5 7. Bb5 Ne4 8. Nxd4
O-O 9. Bxc6 bxc6 10. O-O Ba6 11. Re1 Re8 12. b4 Bb6 13. Be3 c5 14. bxc5 Nxc5
15. Nc6 Qd7 16. Nb4 Bb7 17. Bd4 Ne6 18. Bxb6 axb6 19. Nd2 d4 20. Nf3 c5 21. Nc2
d3 22. Ne3 Rad8 23. Nc4 b5 24. Nd6 c4 25. Nxe8 Rxe8 26. a4 Nf4 27. axb5 Qg4 28.
g3 Bxf3 29. Qxf3 Qxf3 30. gxf4 Qxf4 31. b6 Qg4+ 32. Kf1 Qf3 33. Rab1 Qh1# 0-1

[Event "Frankfurt Ch A 2017"]
[Site "Ffm-Höchst, BiKuZ"]
[Date "2017.05.29"]
[Round "6.56"]
[White "Urbach, Jens"]
[Black "Imelmann, Esther"]
[Result "1/2-1/2"]
[WhiteElo "1407"]
[BlackElo "1597"]
[PlyCount "66"]
[EventDate "2017.??.??"]
[WhiteTeam "SF Frankfurt"]
[BlackTeam "Vorw.Orient Mainz"]

1. e4 e6 2. d4 d5 3. e5 c5 4. Nf3 Qb6 5. Be2 Nc6 6. c3 Bd7 7. O-O cxd4 8. cxd4
Nge7 9. Nc3 Nf5 10. Na4 Qc7 11. a3 a5 12. b3 Na7 13. Nb2 Be7 14. Bf4 O-O 15.
Rc1 Qb6 16. a4 Nc6 17. Bb5 Rfd8 18. Bxc6 Bxc6 19. g4 Nh4 20. Nxh4 Bxh4 21. Rc3
Be7 22. Rh3 Rac8 23. Qd3 h6 24. Nd1 Rc7 25. Ne3 Rdc8 26. g5 Bb4 27. Ng4 Be8 28.
Nf6+ Kf8 29. Rxh6 Rc3 30. Qd1 Ba3 31. Rh8+ Ke7 32. Ng8+ Kd7 33. Nf6+ Ke7
1/2-1/2

[Event "Frankfurt Ch A 2017"]
[Site "Ffm-Höchst, BiKuZ"]
[Date "2017.05.29"]
[Round "6.57"]
[White "Stulken, Dietmar"]
[Black "Hedrich, Gerd"]
[Result "1/2-1/2"]
[WhiteElo "1358"]
[BlackElo "1443"]
[PlyCount "63"]
[EventDate "2017.??.??"]
[WhiteTeam "SF Frankfurt"]
[BlackTeam "Wiesbadener SV"]

1. e4 c5 2. Nf3 Nc6 3. d4 cxd4 4. Nxd4 e5 5. Nb5 Nf6 6. Bg5 Be7 7. Bxf6 gxf6 8.
Nd6+ Bxd6 9. Qxd6 Nd4 10. Bd3 Ne6 11. Nc3 b6 12. O-O-O Qc7 13. Nb5 Qxd6 14.
Nxd6+ Ke7 15. Nf5+ Kd8 16. Bb5 a6 17. Bc6 Ra7 18. Bd5 Rf8 19. Nd6 Kc7 20. Nf5
Rd8 21. g3 Bb7 22. Rd3 Nc5 23. Rc3 Kb8 24. Bxb7 Nxb7 25. Rd1 d6 26. Ne7 Na5 27.
Nc6+ Nxc6 28. Rxc6 Rad7 29. Rd5 Kb7 30. Rc3 Rc8 31. Rxc8 Kxc8 32. f3 1/2-1/2

[Event "Frankfurt Ch A 2017"]
[Site "Ffm-Höchst, BiKuZ"]
[Date "2017.05.29"]
[Round "6.58"]
[White "Popp, Matthias"]
[Black "Lessmann, Sven"]
[Result "1-0"]
[WhiteElo "1533"]
[BlackElo "1398"]
[PlyCount "71"]
[EventDate "2017.??.??"]
[WhiteTeam "SC Bergen-Enkheim"]
[BlackTeam "SC Bad Soden"]

1. Nf3 Nf6 2. d4 g6 3. Bf4 Bg7 4. e3 O-O 5. Nbd2 d6 6. Bd3 Nc6 7. c3 Re8 8. Qc2
e5 9. dxe5 dxe5 10. Bg5 h6 11. Bh4 Qd7 12. O-O-O Qe6 13. Bc4 Qf5 14. e4 Qd7 15.
Nf1 Qe7 16. Ne3 Be6 17. Nd5 Bxd5 18. Bxd5 g5 19. Bxc6 bxc6 20. Bg3 c5 21. Qa4
Qe6 22. Rhe1 c6 23. Nxe5 Rec8 24. f3 Ne8 25. Ng4 h5 26. Ne3 h4 27. Bf2 Be5 28.
h3 Bf4 29. Kc2 Nd6 30. Ng4 Nb7 31. Rd3 c4 32. Rd4 Nd6 33. Red1 Kg7 34. Be3 Bxe3
35. Nxe3 a5 36. Rxd6 1-0

[Event "Frankfurt Ch B 2017"]
[Site "Ffm-Höchst, BiKuZ"]
[Date "2017.05.29"]
[Round "6.1"]
[White "Björknes, Uwe"]
[Black "Kiel, Gerhard"]
[Result "1/2-1/2"]
[WhiteElo "1450"]
[BlackElo "1441"]
[PlyCount "82"]
[EventDate "2017.??.??"]
[WhiteTeam "SC Bergen-Enkheim"]
[BlackTeam "vereinslos"]

1. d4 Nf6 2. c4 e6 3. Nc3 Bb4 4. e3 b6 5. Nf3 Bb7 6. Bd3 Be4 7. O-O Bxd3 8.
Qxd3 c5 9. a3 Bxc3 10. bxc3 d6 11. e4 Qc7 12. Bf4 Nh5 13. Be3 e5 14. dxe5 dxe5
15. Qd5 O-O 16. Qxe5 Qxe5 17. Nxe5 Re8 18. Rad1 f6 19. g4 Rxe5 20. gxh5 Re8 21.
Rd6 Rxe4 22. h6 Kf7 23. hxg7 Rg4+ 24. Kh1 Rxg7 25. Rfd1 Rg8 26. Bf4 Re8 27. Bg3
Na6 28. R1d5 Re1+ 29. Kg2 Rae8 30. Rf5 R1e6 31. Rd3 Kg6 32. Rdf3 Nb8 33. h4 Nd7
34. h5+ Kg7 35. Bh4 Kf7 36. Bg3 Re4 37. Rd3 Ne5 38. Rd6 Re6 39. Bxe5 R4xe5 40.
Rxe5 Rxe5 41. Rd7+ Re7 1/2-1/2

[Event "Frankfurt Ch B 2017"]
[Site "Ffm-Höchst, BiKuZ"]
[Date "2017.05.29"]
[Round "6.2"]
[White "Winter, Thomas"]
[Black "Bär, Christian"]
[Result "0-1"]
[WhiteElo "1303"]
[BlackElo "1469"]
[PlyCount "88"]
[EventDate "2017.??.??"]
[WhiteTeam "SV Oberursel"]
[BlackTeam "SC Steinbach"]

1. e4 e5 2. Nf3 Nc6 3. Bb5 a6 4. Ba4 b5 5. Bb3 Nf6 6. Qe2 Na5 7. c3 Nxb3 8.
axb3 d6 9. d4 exd4 10. cxd4 Be7 11. O-O O-O 12. Rd1 Qe8 13. Nbd2 c5 14. d5 Nd7
15. Nf1 Bf6 16. Ng3 g6 17. Bg5 Qe7 18. Bxf6 Qxf6 19. Qc2 b4 20. h4 Ne5 21. Nxe5
Qxe5 22. Re1 Bb7 23. Qe2 Rae8 24. h5 f5 25. hxg6 hxg6 26. Rad1 f4 27. Nh1 Kg7
28. f3 Rh8 29. Nf2 Bc8 30. Nd3 Qh5 31. Nxf4 Qh2+ 32. Kf2 Qxf4 33. Rg1 Rh2 34.
Kf1 Re5 35. Qd3 Rg5 36. Rd2 a5 37. Re2 Qf7 38. Rf2 Rg3 39. Qb5 Qf4 40. Ke2 Qg5
41. Qb8 Ba6+ 42. Kd1 Qe3 43. Rff1 Qd3+ 44. Kc1 Rgxg2 0-1

[Event "Frankfurt Ch B 2017"]
[Site "Ffm-Höchst, BiKuZ"]
[Date "2017.05.29"]
[Round "6.3"]
[White "Arnold, Jan"]
[Black "Gade, Bernt"]
[Result "0-1"]
[WhiteElo "1114"]
[BlackElo "1447"]
[PlyCount "42"]
[EventDate "2017.??.??"]
[WhiteTeam "SC Frankfurt-West"]
[BlackTeam "FV Berkersheim"]

1. c4 f5 2. Nc3 e5 3. e4 Nf6 4. d3 fxe4 5. Nxe4 Bb4+ 6. Bd2 Bxd2+ 7. Qxd2 O-O
8. Nf3 Nc6 9. Be2 d5 10. Nxf6+ Rxf6 11. cxd5 Qxd5 12. Bd1 Nd4 13. Nxd4 Qxd4 14.
Bb3+ Be6 15. Bxe6+ Rxe6 16. Qc3 Rf8 17. O-O Qb6 18. Rac1 Rc6 19. Qxe5 Rxc1 20.
Qd5+ Kh8 21. Rxc1 Qxf2+ 0-1

[Event "Frankfurt Ch B 2017"]
[Site "Ffm-Höchst, BiKuZ"]
[Date "2017.05.29"]
[Round "6.4"]
[White "Mayer, Rolf"]
[Black "Wöhl, Torsten"]
[Result "1/2-1/2"]
[WhiteElo "1340"]
[BlackElo "1338"]
[PlyCount "44"]
[EventDate "2017.??.??"]
[WhiteTeam "SC Flörsheim"]
[BlackTeam "SC Groß-Zimmern"]

1. d4 Nf6 2. Nf3 e6 3. Bf4 b6 4. e3 Bb7 5. Bd3 Nc6 6. h3 Nb4 7. Be2 Bd6 8. Bxd6
cxd6 9. a3 Nbd5 10. c4 Ne7 11. Nbd2 Ne4 12. Nxe4 Bxe4 13. Bd3 Bb7 14. O-O Ng6
15. Be2 O-O 16. Qd2 Qf6 17. Qb4 Nh4 18. Nxh4 Qxh4 19. Qxd6 Qg5 20. Qg3 Qf6 21.
f4 Rac8 22. b3 Qf5 1/2-1/2

[Event "Frankfurt Ch B 2017"]
[Site "Ffm-Höchst, BiKuZ"]
[Date "2017.05.29"]
[Round "6.5"]
[White "Dröser, Wolfgang"]
[Black "Mayer, Andreas"]
[Result "0-1"]
[WhiteElo "1311"]
[BlackElo "1434"]
[PlyCount "38"]
[EventDate "2017.??.??"]
[WhiteTeam "SC Sulzbach"]
[BlackTeam "SF Frankfurt"]

1. f4 e5 2. fxe5 d6 3. Nf3 Nc6 4. d4 dxe5 5. e4 exd4 6. Bb5 Bd7 7. O-O Bc5 8.
Kh1 a6 9. Bd3 Qe7 10. Bf4 O-O-O 11. a3 Bd6 12. Bd2 Bg4 13. Be1 Nf6 14. Nbd2 Bf4
15. Qe2 Rhe8 16. b4 Bxd2 17. Bxd2 Nxe4 18. b5 axb5 19. Bxb5 Ng3+ 0-1

[Event "Frankfurt Ch B 2017"]
[Site "Ffm-Höchst, BiKuZ"]
[Date "2017.05.29"]
[Round "6.6"]
[White "Both, Günter"]
[Black "Häfner, Günther"]
[Result "1-0"]
[WhiteElo "1427"]
[BlackElo "940"]
[PlyCount "79"]
[EventDate "2017.??.??"]
[WhiteTeam "SK Bischofsheim"]
[BlackTeam "FV Berkersheim"]

1. e4 c5 2. Nf3 Nc6 3. d4 cxd4 4. Nxd4 Nf6 5. Nc3 d6 6. Be2 g6 7. Be3 Bg7 8.
O-O O-O 9. Qd2 a6 10. f3 Re8 11. Rfd1 Qc7 12. Rac1 e5 13. Nxc6 Qxc6 14. Qxd6
Qxd6 15. Rxd6 Be6 16. Bb6 Bf8 17. Rdd1 Rac8 18. Be3 b5 19. Nd5 Bg7 20. a4 Rb8
21. axb5 axb5 22. Nc7 Red8 23. Rxd8+ Rxd8 24. Nxe6 fxe6 25. Bxb5 Nh5 26. g3 Bf8
27. Kf2 Nf6 28. c4 Bb4 29. Ke2 Kf7 30. Rc2 Nd7 31. Bd2 Bc5 32. b4 Bd4 33. Bg5
Nf6 34. Be3 Nd7 35. Bxd7 Rxd7 36. c5 Rc7 37. Kd3 Ke7 38. Bxd4 exd4 39. Kxd4 Kd7
40. b5 1-0

[Event "Frankfurt Ch B 2017"]
[Site "Ffm-Höchst, BiKuZ"]
[Date "2017.05.29"]
[Round "6.8"]
[White "Arnold, Aaron"]
[Black "Grünzig, Matthias"]
[Result "0-1"]
[WhiteElo "1163"]
[BlackElo "1312"]
[PlyCount "110"]
[EventDate "2017.??.??"]
[WhiteTeam "SC Frankfurt-West"]
[BlackTeam "FV Berkersheim"]

1. d4 d5 2. c4 e6 3. e3 Nf6 4. Nc3 b6 5. a3 Bb7 6. Nf3 Nbd7 7. Be2 c5 8. b3 Be7
9. O-O O-O 10. Qc2 dxc4 11. bxc4 Bc6 12. e4 Rc8 13. d5 exd5 14. exd5 Bb7 15.
Rd1 Bd6 16. Nb5 Bb8 17. Bb2 Ba6 18. a4 Bxb5 19. axb5 Ne8 20. Re1 f6 21. Bd3 g6
22. Nh4 Rf7 23. Re2 Be5 24. Rae1 Nd6 25. Bc1 f5 26. Nf3 Bf6 27. Bf4 Qf8 28. Ng5
Bxg5 29. Bxg5 Re8 30. Rxe8 Nxe8 31. Qc1 Nef6 32. Qe3 h5 33. f3 Nh7 34. Bh6 Qd8
35. Qe8+ Qxe8 36. Rxe8+ Ndf8 37. d6 Nf6 38. Re7 Rxe7 39. dxe7 N8d7 40. h3 Kf7
41. Bg5 Kxe7 42. g4 Ne5 43. Be2 hxg4 44. hxg4 fxg4 45. fxg4 Kf7 46. Bxf6 Kxf6
47. Kg2 g5 48. Kg3 Ng6 49. Bd3 Nf4 50. Bf1 Ke5 51. Kf3 Kd4 52. Kf2 Nd3+ 53. Ke2
Ne5 54. Kd2 Nxg4 55. Kc2 Ne3+ 0-1

[Event "Frankfurt Ch B 2017"]
[Site "Ffm-Höchst, BiKuZ"]
[Date "2017.05.29"]
[Round "6.10"]
[White "Manasek, Martin"]
[Black "Hartwig, Horst"]
[Result "1-0"]
[WhiteElo "1362"]
[BlackElo "1156"]
[PlyCount "151"]
[EventDate "2017.??.??"]
[WhiteTeam "Bad Vilbeler Sfr"]
[BlackTeam "vereinslos"]

1. d4 d5 2. c4 e6 3. Nc3 Nf6 4. Nf3 Bb4 5. Bg5 Nbd7 6. e3 Be7 7. Be2 Nh5 8.
Bxe7 Qxe7 9. O-O Nhf6 10. cxd5 exd5 11. Rc1 c6 12. Re1 Ne4 13. Bd3 O-O 14. Qc2
Ndf6 15. h3 b5 16. Nd2 Bf5 17. Ncxe4 dxe4 18. Bf1 Rac8 19. Qc5 Nd5 20. a3 Qg5
21. Kh2 a5 22. Qd6 Rfd8 23. Qg3 Qxg3+ 24. fxg3 a4 25. g4 Bg6 26. Kg1 f5 27.
gxf5 Bxf5 28. g4 Bg6 29. Kf2 Rf8+ 30. Kg1 h6 31. Bg2 Rfe8 32. Nf1 Nb6 33. Nd2
Nd7 34. b3 Nb6 35. bxa4 Nxa4 36. Rc2 c5 37. Rec1 c4 38. Nb1 Bf7 39. Nc3 Nxc3
40. Rxc3 Bd5 41. Rb1 Rb8 42. Rc2 Ra8 43. Rxb5 Bc6 44. Rc5 Re6 45. R5xc4 Bd5 46.
Rc8+ Rxc8 47. Rxc8+ Kh7 48. Rc3 Rb6 49. Kf2 Rb2+ 50. Kg3 g5 51. Bf1 Rb6 52. a4
Rb3 53. Rxb3 Bxb3 54. a5 Bd5 55. h4 Kg7 56. Bb5 Kf7 57. hxg5 hxg5 58. Kf2 Ke7
59. Ke2 Kd6 60. Kd2 Kc7 61. Kc3 Kd6 62. Kb4 Be6 63. Be2 Kc6 64. Ka4 Bc8 65. Kb4
Be6 66. Bb5+ Kd6 67. Be2 Kc6 68. a6 Kb6 69. a7 Kxa7 70. Kc5 Bf7 71. Kd6 Kb6 72.
d5 Bg8 73. Bd1 Bf7 74. Bc2 Bg6 75. Ke6 Kc7 76. Ke7 1-0

[Event "Frankfurt Ch B 2017"]
[Site "Ffm-Höchst, BiKuZ"]
[Date "2017.05.29"]
[Round "6.11"]
[White "Bakiev, Diyor"]
[Black "Barth, Horst"]
[Result "1/2-1/2"]
[WhiteElo "1077"]
[BlackElo "1292"]
[PlyCount "68"]
[EventDate "2017.??.??"]
[WhiteTeam "SV Ffm-Griesheim"]
[BlackTeam "SF Mainz"]

1. e4 e5 2. Nf3 Nc6 3. Bc4 h6 4. Nc3 Nf6 5. O-O Bc5 6. h3 d6 7. d3 O-O 8. Qe2
Nd4 9. Nxd4 Bxd4 10. Be3 Bxe3 11. Qxe3 c6 12. Bb3 Nh5 13. Rad1 Nf4 14. Ne2 Qg5
15. Nxf4 exf4 16. Qf3 Be6 17. Bxe6 fxe6 18. d4 a5 19. Rfe1 Rad8 20. b3 e5 21.
d5 c5 22. c4 Ra8 23. a4 b6 24. Rd3 Qh4 25. Qg4 Qxg4 26. hxg4 Rf6 27. f3 Kf7 28.
Kf2 Rh8 29. Rh1 Rh7 30. Rh2 Kg6 31. Rd1 Kf7 32. Rdh1 Rg6 33. Rh5 Kg8 34. R5h4
Kh8 1/2-1/2

[Event "Frankfurt Ch B 2017"]
[Site "Ffm-Höchst, BiKuZ"]
[Date "2017.05.29"]
[Round "6.12"]
[White "Mook, Karl-Jürgen"]
[Black "Pessotschinski, Eduard"]
[Result "0-1"]
[WhiteElo "1262"]
[BlackElo "1155"]
[PlyCount "154"]
[EventDate "2017.??.??"]
[WhiteTeam "SC Sulzbach"]
[BlackTeam "TuS Makkabi"]

1. e4 c5 2. Nf3 d6 3. d4 cxd4 4. Nxd4 Nf6 5. Nc3 g6 6. g3 Bg7 7. Bg2 e5 8. Ndb5
Ke7 9. O-O a6 10. Na3 Nc6 11. Nd5+ Nxd5 12. exd5 Nd4 13. c3 Nf5 14. Nc2 Re8 15.
Re1 Kf8 16. Ne3 Kg8 17. Nxf5 Bxf5 18. g4 Bd7 19. c4 Qb6 20. h3 f5 21. Rb1 f4
22. Re4 Bf6 23. Qe2 Bh4 24. Bd2 Rf8 25. Be1 Rf7 26. Qf3 Raf8 27. Qa3 h5 28. Bf3
Qd8 29. Qxd6 Qg5 30. Qxe5 Bf5 31. Bc3 Rh7 32. Rxf4 Bxb1 33. Qe6+ Rhf7 34. Rxf7
Rxf7 35. Qe8+ Rf8 36. Qe6+ Kh7 37. Qd7+ Qe7 38. Qxe7+ Bxe7 39. Kg2 hxg4 40.
Bxg4 Bxa2 41. Be2 Bf6 42. d6 Bxc3 43. bxc3 Rd8 44. c5 Kg7 45. Bg4 Kf6 46. Bf3
Rd7 47. Bg4 Be6 48. Bf3 Ke5 49. Kg3 a5 50. Bd1 Bf7 51. Ba4 Rd8 52. f4+ Ke4 53.
Bc2+ Ke3 54. f5 gxf5 55. Bxf5 Kd2 56. Be4 Kxc3 57. Bxb7 a4 58. c6 Rxd6 59. c7
Be6 60. h4 a3 61. h5 Bd7 62. Kf4 a2 63. Ke5 Rh6 64. Bd5 Rxh5+ 65. Kd6 Rxd5+ 66.
Kxd5 a1=Q 67. Kd6 Bh3 68. Ke7 Qd1 69. Kf8 Qe2 70. Kf7 Kd4 71. Kf8 Kd5 72. Kf7
Kd6 73. Kg6 Qf3 74. Kg7 Ke7 75. Kg6 Qf6+ 76. Kh5 Qg7 77. Kh4 Qg4# 0-1

[Event "Frankfurt Ch B 2017"]
[Site "Ffm-Höchst, BiKuZ"]
[Date "2017.05.29"]
[Round "6.13"]
[White "Landvoigt, Martin"]
[Black "Ullrich, Lars"]
[Result "0-1"]
[WhiteElo "1177"]
[BlackElo "1246"]
[PlyCount "126"]
[EventDate "2017.??.??"]
[WhiteTeam "SF Friedberg"]
[BlackTeam "SC Ehrenberg"]

1. d4 d5 2. Bf4 c5 3. c3 e6 4. Nf3 Nf6 5. Nbd2 Nc6 6. e3 h6 7. h3 b6 8. Bb5 Bd7
9. O-O Be7 10. c4 cxd4 11. Bxc6 Bxc6 12. Nxd4 Bb7 13. Qa4+ Qd7 14. Nb5 O-O 15.
Qb3 Rfc8 16. Nd4 dxc4 17. Nxc4 Bd5 18. Ne5 Qb7 19. Qd1 Bxg2 20. Re1 Bxh3 21. f3
Bf5 22. Rc1 Rxc1 23. Qxc1 Nd7 24. Qd2 Nxe5 25. Bxe5 f6 26. Bh2 Rd8 27. Qg2 Kf7
28. Nxf5 exf5 29. e4 fxe4 30. fxe4 Bc5+ 31. Kh1 Bb4 32. Rc1 Bd6 33. Rd1 Qe7 34.
Bxd6 Rxd6 35. Rg1 g5 36. Re1 Qe5 37. Qc2 Qc5 38. Qb3+ Kg7 39. Qf3 Qb4 40. Re2
Rd1+ 41. Kg2 Rd2 42. b3 Rxe2+ 43. Qxe2 Qd4 44. Qc2 Qe5 45. a4 Kg6 46. Qd3 f5
47. exf5+ Qxf5 48. Qd6+ Qf6 49. Qd3+ Kg7 50. Qd7+ Qf7 51. Qd4+ Kg6 52. Qd3+ Qf5
53. Qd6+ Qf6 54. Qd3+ Kf7 55. Qh7+ Ke6 56. Qe4+ Kd6 57. Qd4+ Kc7 58. Qc4+ Qc6+
59. Qxc6+ Kxc6 60. b4 a5 61. bxa5 bxa5 62. Kg3 Kc5 63. Kg4 Kb4 0-1

[Event "Frankfurt Ch B 2017"]
[Site "Ffm-Höchst, BiKuZ"]
[Date "2017.05.29"]
[Round "6.15"]
[White "Falk, Aniko Tim"]
[Black "Wundram, Till"]
[Result "0-1"]
[WhiteElo "1245"]
[BlackElo "917"]
[PlyCount "106"]
[EventDate "2017.??.??"]
[WhiteTeam "SK Hungen"]
[BlackTeam "vereinslos"]

1. e4 d5 2. exd5 Qxd5 3. Nc3 Qa5 4. g3 Bf5 5. Bg2 c6 6. Nge2 e6 7. d3 Nf6 8.
Bd2 Nbd7 9. O-O Be7 10. Ne4 Qc7 11. Bf4 e5 12. Bg5 h6 13. Bxf6 Nxf6 14. N2c3
O-O 15. Qf3 Be6 16. a3 Nxe4 17. Nxe4 b5 18. Rad1 Bd5 19. Qe3 a5 20. Rfe1 a4 21.
Nd2 Be6 22. Qxe5 Qxe5 23. Rxe5 Bf6 24. Rc5 Bxb2 25. Bxc6 Rac8 26. Rxb5 Bxa3 27.
Nb1 Be7 28. Rb6 Rfd8 29. Bxa4 Bc5 30. Rc6 Rxc6 31. Bxc6 Rc8 32. Be4 f5 33. Bg2
Bd4 34. c4 Rd8 35. Na3 Bc5 36. Re1 Kf7 37. Nb5 Rxd3 38. Re5 Rd1+ 39. Bf1 Bxc4
40. Rxf5+ Kg6 41. Rxc5 Bxf1 42. Rc6+ Kh7 43. Rd6 Re1 44. h4 Bxb5+ 45. Kh2 Re2
46. Kg2 h5 47. Kf3 Ra2 48. Ke3 Ra3+ 49. Kf4 Be2 50. Rc6 Rf3+ 51. Kg5 Rxf2 52.
Rc3 Bg4 53. Ra3 Rf5# 0-1

[Event "Frankfurt Ch B 2017"]
[Site "Ffm-Höchst, BiKuZ"]
[Date "2017.05.29"]
[Round "6.16"]
[White "Nebel, Marcel"]
[Black "Giebitz, Walter"]
[Result "1-0"]
[WhiteElo "1191"]
[BlackElo "1212"]
[PlyCount "79"]
[EventDate "2017.??.??"]
[WhiteTeam "SF Friedberg"]
[BlackTeam "SC Steinbach"]

1. d4 d5 2. c4 Nf6 3. Nc3 e6 4. Nf3 Nc6 5. Bg5 Be7 6. e3 O-O 7. Bd3 h6 8. Bf4
Nb4 9. Be2 c5 10. dxc5 dxc4 11. Bd6 Nfd5 12. a3 Nxc3 13. bxc3 Nd5 14. Bxc4 Bxd6
15. cxd6 Qa5 16. Bxd5 Qxc3+ 17. Ke2 Qb2+ 18. Nd2 exd5 19. Qa4 Rd8 20. Rab1 Qe5
21. Nf3 Qxd6 22. Rhd1 b6 23. Kf1 Bg4 24. Qxg4 Rac8 25. Qa4 Rd7 26. e4 Rc4 27.
Rb4 Rc5 28. Rbd4 Rdc7 29. Rxd5 Rxd5 30. exd5 Rc5 31. Qe8+ Qf8 32. Qxf8+ Kxf8
33. d6 Ke8 34. Ke2 Kd7 35. Ke3 Rc3+ 36. Ke4 Rxa3 37. Ne5+ Ke6 38. d7 Ra4+ 39.
Ke3 Ra3+ 40. Ke2 1-0

[Event "Frankfurt Ch B 2017"]
[Site "Ffm-Höchst, BiKuZ"]
[Date "2017.05.29"]
[Round "6.18"]
[White "Burkart, Lloyd Shang"]
[Black "Henrich, Gerhard"]
[Result "1/2-1/2"]
[WhiteElo "774"]
[BlackElo "1121"]
[PlyCount "31"]
[EventDate "2017.??.??"]
[WhiteTeam "TuS Makkabi"]
[BlackTeam "SV Hofheim"]

1. d4 d5 2. c4 e6 3. Nc3 c6 4. cxd5 cxd5 5. Nf3 Nf6 6. Bg5 Be7 7. e3 O-O 8. Bd3
Nbd7 9. O-O a6 10. a4 h6 11. Bf4 Nb6 12. b3 Bd7 13. Rc1 Ne8 14. e4 dxe4 15.
Nxe4 Nd5 16. Bg3 1/2-1/2